000 00939cad a22002415a 4500
001 E144424
008 080717s2008 xxk f 000 0 eng d
035 _a(Sirsi) u144424
041 0 _aeng
050 0 4 _a690.241 $2 18
110 2 _aHistoric Scotland
_92914
245 0 0 _aINFORM, information for historic building owners
_bindent repairs to sandstone ashlar masonry
_h[electronic resource]
260 _aEdinburgh
_bHistoric Scotland
_c2008
300 _a[8]p.
_bill.
_c21cm.
490 0 _aInform
520 _aOffers advice on replacing damaged stones in an ashlar built sandstone wall.
521 _aIntroductory
590 _aKA
651 4 _aScotland
_y1999-
690 _aBUILT ENVIRONMENT-BUILDING TYPES-ANCIENT MONUMENTS AND HISTORIC BUILDINGS
856 4 1 _uhttps://www.historic-scotland.gov.uk/publicationsresultsdetail.htm?id=4887c62c7
_zView the leaflet free of charge at www.historic-scotland.gov.uk...
942 _n0
999 _c108503
_d108503